Justin Bieber Movies! - Statistics

General Stats
  • This quiz has been taken 6 times
  • The average score is 1 of 22
Answer Stats
Hint Answer % Correct
2016 Zoolander 2
83%
2014 Behaving Badly
17%
2017 Killing Hasselhoff
17%
2010 The Karate Kid
17%
2016 20 Ridiculously Big Pop Hits
0%
2011 Arthur Christmas
0%
TBD Bloody Island
0%
TBD Cupid
0%
2012 Diary of A Wimpy Kid: Dog Days
0%
2018 Love, Simon
0%
2017 Many Covers II
0%
2010 Marmaduke
0%
2012 Men in Black 3
0%
2019 My Little Pony: Rainbow Roadtrip
0%
2016 Popstar: Never Stop Popping
0%
2015 Purpose: The Movement
0%
2009 School Gyrls
0%
2011 Sharpay's Fabulous Adventure
0%
2021 Sing 2
0%
2012 Step Up: Revolution
0%
2012 The Swan Princess Christmas
0%
2016 The Swan Princess: Princess Tomorrow, Pirate Today!
0%
No matching quizzes found
Score Distribution
Percent of People with Each Score
Percentile by Number Answered
Your Score History
You have not taken this quiz